Využitie softvéru WEKA v rámci asociačných pravidiel a porovnanie s výsledkov s iným softvérom bakalárska práca

Na minha lista:
Detalhes bibliográficos
Autor principal: Smolár, Šimon
Autor Corporativo: Fakulta hospodárskej informatiky EU. Katedra aplikovanej informatiky
Outros Autores: Barčáková, Nina, 1999-
Formato: Livro
Idioma:eslovaco
Publicado em: Bratislava 2025
Tags: Adicionar Tag
Sem tags, seja o primeiro a adicionar uma tag!

MARC

LEADER 00000nbm a2200000 4500
001 0310676
005 20251120142527.0
041 0 |a slo 
044 |a SK 
245 1 0 |a Využitie softvéru WEKA v rámci asociačných pravidiel a porovnanie s výsledkov s iným softvérom  |b bakalárska práca  |c Šimon Smolár ; školiteľ: Nina Barčáková 
264 1 |a Bratislava  |c 2025 
300 |a 48 s. 
100 1 |a Smolár, Šimon 
700 1 |a Barčáková, Nina, 1999- 
710 2 |a Fakulta hospodárskej informatiky EU. Katedra aplikovanej informatiky